Les pays les plus denses par années (1950-2100) - Statistiques

Statistiques générales
  • Ce quiz a été pris 241 fois
  • Le résultat moyen est 7 sur 15
Statistiques - réponses
Pays % Correct
Monaco
90%
Singapour
78%
Vatican
77%
Bangladesh
70%
Taiwan
56%
Malte
52%
Pays-Bas
49%
Belgique
47%
Bahreïn
44%
Maldives
38%
Comores
34%
Maurice
32%
Rwanda
31%
Burundi
28%
Barbade
22%
Aucun quiz correspondant
Distribution des résultats
% des personnes avec chaque résultat
Percentile par nombre de réponses
Votre historique - résultats
Vous n’avez pas pris ce quiz